Экологический мониторинг пруда "Городского сада"; Мониторинг природных экосистем

Detalles Bibliográficos
Parent link:Мониторинг природных экосистем.— 2009.— С. 151-154
Autor Principal: Иконникова К. В. Ксения Владимировна
Autor Corporativo: Томский государственный архитектурно-строительный университет (ТГАСУ)
Outros autores: Иконникова Л. Ф. Любовь Федоровна
Summary:В фонде НТБ ТПУ отсутствует
Idioma:ruso
Publicado: 2009
Subjects:
Formato: MixedMaterials Capítulo de libro
KOHA link:https://koha.lib.tpu.ru/cgi-bin/koha/opac-detail.pl?biblionumber=601696

MARC

LEADER 00000naa0a2200000 4500
001 601696
005 20250901162649.0
035 |a (RuTPU)RU\TPU\tpu\26717 
035 |a RU\TPU\tpu\26716 
090 |a 601696 
100 |a 20150210d2009 k y0rusy50 ca 
101 0 |a rus 
102 |a RU 
200 1 |a Экологический мониторинг пруда "Городского сада"  |f К. В. Иконникова, Л. Ф. Иконникова 
333 |a В фонде НТБ ТПУ отсутствует 
463 1 |t Мониторинг природных экосистем  |o Третья Всероссийская научно-практическая конференция, июнь 2009 г. : сборник статей  |f под ред. А. И. Иванова  |v С. 151-154  |d 2009 
610 1 |a труды учёных ТПУ 
700 1 |a Иконникова  |b К. В.  |c химик  |c заведующий лабораторией Томского политехнического университета  |f 1979-  |g Ксения Владимировна  |3 (RuTPU)RU\TPU\pers\29007 
701 1 |a Иконникова  |b Л. Ф.  |c химик  |c доцент Томского политехнического университета, кандидат химических наук  |f 1953-  |g Любовь Федоровна  |3 (RuTPU)RU\TPU\pers\29008 
712 0 2 |a Томский государственный архитектурно-строительный университет (ТГАСУ)  |c (1997- )  |3 (RuTPU)RU\TPU\col\3 
801 1 |a RU  |b 63413507  |c 20150206 
801 2 |a RU  |b 63413507  |c 20150210  |g RCR 
942 |c BK